书目信息 |
| 题名: |
舞蹈创作法
|
|
| 作者: | 江口隆哉 著 ;金秋 译 | |
| 分册: | ||
| 出版信息: | 北京 学苑出版社 2005 |
|
| 页数: | 289页 | |
| 开本: | 23cm | |
| 丛书名: | ||
| 单 册: | ||
| 中图分类: | J704 | |
| 科图分类: | ||
| 主题词: | 舞蹈艺术--创作方法 | |
| 电子资源: | ||
| ISBN: | 7-5077-2568-5 | |
| 000 | 00914nam0 2200241 450 | |
| 001 | TSC-169499 | |
| 005 | 20061228105055.39 | |
| 010 | @a7-5077-2568-5@dCNY36.00 | |
| 100 | @a20060829d2005 ekmy0chiy0120 ea | |
| 101 | 1 | @achi@cjpn |
| 102 | @aCN@b110000 | |
| 105 | @ay z 000yy | |
| 200 | 1 | @a舞蹈创作法@AWu Dao Chuang Zuo Fa@f(日)江口隆哉著@F( Ri ) Jiang Kou Long Zai Zhu@g金秋译 |
| 210 | @a北京@c学苑出版社@d2005 | |
| 215 | @a289页@d23cm | |
| 330 | @a江口隆哉先生是日本现代舞流派的创始者,接受过不同艺术流派的影响,揣摩出一套独具特色的舞蹈创作体系,并在世界舞蹈领域里产生了极大的影响。本书从作品的创作基盘、作品结构、表现运动、空间构成、时间构成等几个 | |
| 333 | @a方面阐述了舞蹈创作的方法和创作的基本问题。 | |
| 606 | 0 | @a舞蹈艺术@x创作方法 |
| 690 | @aJ704@v4 | |
| 701 | 0 | @a江口隆哉@AJiang Kou Long Zai@4著 |
| 702 | 0 | @a金秋@AJin Qiu@4译 |
| 801 | 0 | @aCN@b中图数据@c20061228 |
| 905 | @a10447@dJ704@e77 | |
| 舞蹈创作法/(日)江口隆哉著/金秋译.-北京:学苑出版社,2005 |
| 289页;23cm |
| 使用对象:方面阐述了舞蹈创作的方法和创作的基本问题。 |
| ISBN 7-5077-2568-5:CNY36.00 |
| 江口隆哉先生是日本现代舞流派的创始者,接受过不同艺术流派的影响,揣摩出一套独具特色的舞蹈创作体系,并在世界舞蹈领域里产生了极大的影响。本书从作品的创作基盘、作品结构、表现运动、空间构成、时间构成等几个 |
| ● |
| 相关链接 |
|
|
|
|
正题名:舞蹈创作法
索取号:J704/77
 
预约/预借
| 序号 | 登录号 | 条形码 | 馆藏地/架位号 | 状态 | 备注 |
| 1 | 0610166 | 206101662 | 第一样本阅览室/ [索取号:J704/77] | 在馆 | |
| 2 | 0610167 | 206101671 | 第一借阅区/ [索取号:J704/77] | 在馆 | |
| 3 | 0610170 | 206101706 | 第一借阅区/ [索取号:J704/77] | 在馆 | |
| 4 | 0610171 | 206101715 | 第一借阅区/ [索取号:J704/77] | 在馆 | |
| 5 | 0794711 | 207947114 | 密集书库-音乐系/ [索取号:J704/77] | 在馆 | |
| 6 | 0794714 | 207947141 | 密集书库-音乐系/ [索取号:J704/77] | 在馆 |